Orígen y objetivo del servicio social : misión de las asistentes sociales / Elsa Hörler de Carbonell misión de las asistentes sociales / Elsa Hörler de Carbonell
Publicado:
Barcelona :
Sección de Sociología del Centro de Estudios Económicos, Jurídicos y Sociales del Consejo Superior de Investigaciones Científicas ,
1961
Descripción Física:
292 p. ; 24 cm
Colección:
Monografías sociológicas ; 3
MARC
| LEADER | 00000nam a2200000Ia 4500 | ||
|---|---|---|---|
| 001 | 14016 | ||
| 008 | 160829s1961 xx 000 0 cat d | ||
| 080 | |a M-4-84 | ||
| 100 | |a Hörler de Carbonell, Elsa |9 24238 | ||
| 245 | |a Orígen y objetivo del servicio social : |b misión de las asistentes sociales / Elsa Hörler de Carbonell | ||
| 260 | |a Barcelona : |b Sección de Sociología del Centro de Estudios Económicos, Jurídicos y Sociales del Consejo Superior de Investigaciones Científicas, |c 1961 | ||
| 300 | |a 292 p. ; |c 24 cm | ||
| 490 | |a Monografías sociológicas ; 3 | ||
| 590 | |a Bibliografia | ||
| 650 | |a Treballadors socials |9 24239 | ||
| 650 | 0 | |a Serveis socials |9 30783 | |
| 700 | |a Centro de Estudios Económicos, Jurídicos y Sociales. Sección de Sociología |9 28458 | ||
| 901 | |a Arxiu | ||
| 942 | |n 1 | ||
| 952 | |0 0 |1 0 |4 0 |6 M484 |7 1 |9 43034 |a Arxiu |b Arxiu |d 2016-12-01 |l 0 |o M-4-84 |p 14016 |r 2016-12-01 00:00:00 |w 2016-12-01 |y ARXIU | ||
| 999 | |c 45577 |d 45577 | ||